Subdivisiones de la Corona de Aragón en un mapa - Estadísticas

Estadísticas generales
  • Esta prueba ha sido intentada 33 veces
  • La puntuación promedio es 22 de 54
Respuestas en el mapa
Las respuestas están codificadas por una escala verde-roja en el mapa de la prueba según el % correcto abajo.
 
Estadísticas de respuestas
Respuesta % Correcto
Alicante
97%
Barcelona
97%
Huesca
97%
Valencia
97%
Zaragoza
97%
Gerona
93%
Castellón
90%
Lérida
90%
Tarragona
90%
Menorca
83%
Palma
83%
Ibiza
79%
Jaca
76%
Malta
72%
Calatayud
59%
Elche
59%
Cagliari
52%
Orihuela
52%
Tortosa
52%
RIbagorza
48%
Alcañiz
45%
Barbastro
45%
Daroca
34%
Rosellón
34%
Tarazona
34%
Calabria Citra
31%
Calabria Ultra
31%
Cerdaña
31%
Sassari
31%
Tierra de Bari
31%
Basilicata
28%
Játiva
28%
Manresa
28%
Vich
28%
Abruzzo Citra
24%
Abruzzo Ultra
24%
Aínsa
24%
Molise
21%
Tierra de Otranto
14%
Capitanata
10%
Cervera
10%
Inca
10%
Montblanc
10%
Tárrega
10%
Valle de Noto
10%
Vilafranca de Conflent
10%
Villafranca
10%
Camprodon
7%
Montalbán
7%
Principado Citra
3%
Principado Ultra
3%
Tierra de Trabajo
3%
Valle de Demena
3%
Valle de Mazara
3%
No se encontraron pruebas coincidentes
Distribución de puntuación
Porcentaje de gente con cada puntuación
Porcentaje por número respondido
Historial de tus puntuaciones
No has intentado esta prueba.